00724cam a2200205 a 4500020003700000020004000037041000800077082001300085100002000098245005600118260003400174300001800208650001300226650002900239856005700268856006800325942000700393952010100400999001700501 a1402050135 (hd.bd. : alk. paper) a9781402050138 (hd.bd. : alk. paper) aENG00a200bSHA1 aSharma, Arvind.12aA primal perspective on the philosophy of religion  aDordrecht :bSpringer,c2006. axii, 245 p. ; 0aReligion 0aPhilosophy and religion.41uhttp://www.loc.gov/catdir/toc/fy0712/2007273140.html42uhttp://www.loc.gov/catdir/enhancements/fy0824/2007273140-d.html cBK 00104070aHMIbHMIcGENd2019-10-24l1o200 SHAp25673r2023-07-19s2023-06-27w2026-01-16yBK c22794d22794